The Historical Development of Accounting in Slovakia: Impact of Automatization on Accounting

Stručný opis historického vývoja účtovníctva v SR.

Gespeichert in:
Bibliographische Detailangaben
1. Verfasser: Kubaščíková, Zuzana, 1982-
Weitere Verfasser: Zeytinoğlu, Emin
Format: Buchkapitel
Sprache:Englisch
Schlagworte:
Tags: Tag hinzufügen
Keine Tags, Fügen Sie das erste Tag hinzu!

MARC

LEADER 00000naa$a2200000$$$4500
001 0306701
005 20250204090049.2
041 0 |a eng 
044 |a DE 
245 1 0 |a The Historical Development of Accounting in Slovakia: Impact of Automatization on Accounting  |c Zuzana Kubaščíková, Emin Zeytinoğlu 
520 |a Stručný opis historického vývoja účtovníctva v SR. 
610 2 0 |a dejiny 
610 2 0 |a účtovníctvo 
610 2 0 |a automatizácia 
610 2 0 |a harmonizácia 
610 2 0 |a Slovensko 
100 1 |a Kubaščíková, Zuzana, 1982- 
700 1 |a Zeytinoğlu, Emin